000 00907nam a2200277Ia 4500
001 18248
003 GE_BSU
008 181216s||||||||xx |||||||||||||| ||und||
020 _a9780702052538
040 _cGE_BSU
080 _a611(084.4)
245 _aSobotta:Atlas of Human Anatomy:Head,Neck,and Neuroanatomy
245 _cEdited by:F.Paulsen,and J.Waschke.Translated by:T. Klonisch and S.Hombach- Klonisch
250 _a15 th edition
260 _aMunchen
260 _bElsevier
260 _c2011
300 _a370 pages,ill,col,32cm.
300 _b569 Colored Plates with 627 Figures
541 _h177gel.
653 _aAtlas of Human Anatomy
653 _aადამიანის ანატომიის ატლასი
653 _aთავისა და კისრის ნეიროანატომია
653 _aმედიცინა
942 _cBK
999 _c51284
_d51284